|
|
|
|
| LEADER |
00000nas a2200000 a 4500 |
| 001 |
ssj0000801869 |
| 003 |
WaSeSS |
| 005 |
20200512172242.0 |
| 006 |
m d |
| 007 |
cr n |
| 008 |
110509c19899999xv fr p s 0 0slv |
| 010 |
|
|
|a 2012260181
|
| 022 |
|
|
|a 1855-8399
|l 0353-6483
|y 0353-6483
|
| 035 |
|
|
|a (WaSeSS)ssj0000801869
|
| 037 |
|
|
|a 22573/ctt1hhg3b2
|b JSTOR
|
| 040 |
|
|
|a AU@
|b eng
|c AU@
|d NTE
|d OCLCQ
|d ORU
|d OCLCQ
|d OCLCO
|d OCLCF
|d OCLCO
|d OCLCQ
|d TEF
|d MOU
|d OCLCO
|d UAB
|d WaSeSS
|
| 041 |
0 |
|
|a slv
|a eng
|b eng
|f eng
|
| 042 |
|
|
|a pcc
|
| 050 |
1 |
4 |
|a HT101
|b .U74
|
| 082 |
0 |
4 |
|a 307.7605
|2 23
|
| 245 |
0 |
0 |
|a Urbani izziv
|h [electronic resource].
|
| 246 |
1 |
1 |
|a Urban Challenge
|
| 246 |
1 |
|
|a UI
|
| 260 |
|
|
|a Ljubljana :
|b Urbanistični inštitut Republike Slovenije
|
| 310 |
|
|
|a Semiannual
|
| 362 |
1 |
|
|a Began with: Št.10 (december 1989).
|
| 506 |
|
|
|a License restrictions may limit access.
|
| 515 |
|
|
|a Volume numbering began with Letnik 9, številka 1 (junij 1998).
|
| 525 |
|
|
|a Supplements accompany some volumes.
|
| 546 |
|
|
|a Slovenian, with abstracts and tables of contents in English, 1993-1994; Slovenian and English, 1995-
|
| 588 |
|
|
|a Description based on: Številka 23-25 (november 1993); title from PDF running title (publisher's Web site, viewed December 4, 2012).
|
| 588 |
|
|
|a Latest issue consulted: Letnik 23, številka 2 (2012) (publisher's Web site, viewed December 4, 2012).
|
| 650 |
|
0 |
|a Cities and towns
|v Periodicals.
|
| 650 |
|
0 |
|a City planning
|v Periodicals.
|
| 650 |
|
7 |
|a Cities and towns.
|2 fast
|0 (OCoLC)fst00861748
|
| 650 |
|
7 |
|a City planning.
|2 fast
|0 (OCoLC)fst00862177
|
| 655 |
|
0 |
|a Electronic journals.
|
| 710 |
2 |
|
|a Urbanistični inštitut Republike Slovenije.
|
| 776 |
0 |
8 |
|i Print version:
|t Urbani izziv
|x 0353-6483
|w (OCoLC)741502265
|
| 856 |
4 |
0 |
|z Full text available from Research Library: 06/01/2010 to present
|u https://search.proquest.com/publication/316199
|